| 000 | 01656cam a22004573a 4500 | ||
|---|---|---|---|
| 001 | 0000727 | ||
| 003 | DO-SdBNP | ||
| 005 | 20170906101422.0 | ||
| 007 | 0000727 | ||
| 008 | 861112 2007 ck a 000 0 spa d | ||
| 010 | _a | ||
| 020 | _a9586773302 (obra completa) | ||
| 020 | _a9586773310 (v. 1) | ||
| 020 | _a9586773329 (v. 2) | ||
| 020 | _a9586773361 (v. 3) | ||
| 020 | _a9586773337 (v. 4) | ||
| 020 | _a9586773353 (v. 5) | ||
| 020 | _a9586773345 (v. 6) | ||
| 040 |
_aBPMSU _cspa _dBPMSU _d |
||
| 082 | 4 |
_aR 036.1 _bB712c |
|
| 100 | 1 | _aBonet Sánchez, Antonio | |
| 245 | 1 | 0 |
_aConsultor del estudiante explorer / _cAntonio Bonet Sánchez ; ilustración Carlos Blanco Ruiz, Marcela López Parada, Elisa Mariscal Vacas |
| 250 | _a2da. reimpr. | ||
| 260 | 0 |
_aBogotá, Colombia : _bZamora editores, _c2007. |
|
| 300 |
_a6v . : _bil., _c27 cm. + _eCD-ROMM |
||
| 505 |
_gv. 1 -- _tMatemáticas I -- _tMatemáticas II -- _tGeometría -- |
||
| 505 |
_gv. 2 -- _tÁlgebra -- _tFísica -- |
||
| 505 |
_gv. 3 -- _tQuímica -- _tGramática I -- _tGramática II -- |
||
| 505 |
_gv. 4 -- _tLiteratura -- _tBiología I -- _tBiología II -- |
||
| 505 |
_gv. 5 -- _tZoología -- _tInformática -- _tBotánica -- |
||
| 505 |
_gv. 6 -- _tMetología de estudio y de la investigación -- _tGeografía universal -- |
||
| 600 |
_a _x |
||
| 650 | 4 | _aENCICLOPÉDIAS Y DICCIONARIOS ESPAÑOLES | |
| 700 | 1 | 2 |
_aBlanco Ruiz, Carlos _eil. |
| 700 | 1 | 2 |
_aLópez Parada, Marcela _eil. |
| 700 | 1 | 2 |
_aMariscal Vacas, Elisa _eil. |
| 910 | _aValidado. Control de calidad MFF | ||
| 942 |
_2ddc _cBK |
||
| 945 | _aInvetariado / 2017 VM | ||
| 956 |
_2YLOCKWARD _310 _8BPMSU |
||
| 999 |
_c11589 _d11589 |
||